| 000 | 00779nam a22002177a 4500 | ||
|---|---|---|---|
| 999 |
_c185211 _d185211 |
||
| 005 | 20220201105358.0 | ||
| 010 | _aENG-131335 | ||
| 020 |
_a9789354491047 _c819.00 |
||
| 035 | _aEN-114867 | ||
| 037 | _bDBAD | ||
| 082 | _a006.312 | ||
| 100 | _aTan, Pang-Ning | ||
| 245 |
_aIntroduction To Data Mining: _cPang-Ning Tan, Michael Steinbach, Anuj Karpatne, Vipin Kumar |
||
| 260 |
_aUttar Pradesh _bPearson India Education Services Pvt. Ltd _c2021 |
||
| 270 |
_bUttar Pradesh _a15th Floor, Tower-B, World Trade Tower, Plot No. 1, Block-C, Sector 16, Noida _e201301 _mcompanysecretary.india@pearson.com |
||
| 300 |
_a856p. _c24cm(pbk) |
||
| 700 | _aSteinbach, Micheal | ||
| 700 | _aKarpatne, Anuj | ||
| 700 | _aKumar, Vipin | ||
| 942 |
_2ddc _cEN _h006.312 _mTAN |
||